Statistics for Významné události České republiky rok po roce

Click here to take the quiz!

General Stats

  • This quiz has been taken 14 times
  • The average score is 16 of 27

Answer Stats

Datum Rok Událost Odpověď % Correct
25. 1.1993Tento člověk byl zvolen prvním prezidentem ČRVáclav Havel
100%
12. 3.1999ČR se stala členem tohoto mezinárodního vojenského paktuNATO
92%
1. 5.2004ČR spolu s dalšími 9 evropskými zeměmi vstoupila do této organizaceEvropská unie
83%
22. 2.1998Hokejisté získali zlatou medaili na Zimních olympijských hrách v tomto městěNagano
83%
21. 12.2007ČR se stala součástí tohoto prostoru, kde je možné cestovat bez hraničních kontrolSchengenský prostor
83%
srpen200212. - 18. srpna zasáhla Čechy a Jižní Moravu tato přírodní katastrofaPovodně
83%
-1996Byl spuštěn tento internetový portálSeznam.cz
75%
5. 8.1995Na koncert této skupiny na Strahov přišlo rekordních 130 tisíc divákůThe Rolling Stones
75%
22.12.2003Tento fotbalista získal jako druhý Čech v historii Zlatý míč pro nejlepšího fotbalistu EvropyPavel Nedvěd
75%
3. 11.2005Kina uvedla tuto populární pohádku J.Stracha v hlavních rolích s I.Trojanem (anděl Petronel) a J.Dvořákem (čert Uriáš)Anděl Páně
75%
19. 9.2015Tento pražský tunelový komplex byl po 8 letech uveden do provozuBlanka
67%
srpen2011V Praze proběhl první ročník tohoto festivalu LGBT hrdostiPrague Pride
58%
26. 11.1994Tento člověk byl jmenován kardinálemMiloslav Vlk
58%
30. 11.1997Tento premiér podal demisi a poprvé v dějinách ČR padla vládaVáclav Klaus
58%
1. 3.2001Český statistický úřad poprvé v samostatné ČR provedl tento celostátní soupis, který se opakuje každých deset letSčítání lidu, domů a bytů
58%
červenec2014Pět českých vojáků zemřelo následkem sebevražedného útoku v této zemiAfghanistán
50%
1. 12.2016Finanční správa ČR spustila tento systém, který eviduje tržbyElektronická evidence tržeb - EET
50%
1. 1.2013Václav Klaus v novoročním projevu vyhlásil tento právní aktčástečnou amnestii
50%
-2017Tento poslanec byl v září vydán sněmovnou k trestnímu stíhání, v říjnu jeho hnutí vyhrálo volby a v prosinci byl jmenován premiéremAndrej Babiš
50%
30. 5.2006Tato modelka získala jako první Češka titul Miss WorldTaťána Kuchařová
50%
8. 2.2012Senát schválil novelu Ústavy ČR, díky níž byl následující rok Miloš Zeman zvolen nikoliv Parlamentem ale tímto způsobem:přímá volba prezidenta ČR
42%
23. 6.2019Tento spolek uspořádal na Letné největší protivládní demonstraci čítající asi čtvrt milionu lidíMilion chvilek pro demokracii
42%
17. 2.2010Nejvyšší správní soud rozpustil tuto krajně pravicovou stranuDělnická strana (DS)
42%
únor2018Tato snowboardistka a alpská lyžařka získala dvě zlaté medaile na ZOH rekordně ve dvou různých disciplínáchEster Ledecká
42%
31. 8.2008Byla ukončena platnost těchto druhů peněz50haléřové mince, 20korunové bankovky
33%
14. 1.2009Zemřel tento architekt, autor návrhu stavby národní knihovny (tzv. blob), která měla stát na LetnéJan Kaplický
25%
květen2000Vypukl tento skandál, kdy poradci premiéra Miloše Zemana chtěli zdiskreditovat Petru BuzkovouAféra Olovo
25%

Score Distribution

Percentile by Number Answered

Percent of People with Each Score

Your Score History

You have not taken this quiz